Greek Gods and Goddess of the Ocean (Hard) - Statistics

General Stats
  • This quiz has been taken 48 times
  • The average score is 5 of 14
Answer Stats
Hint Answer % Correct
God of the Ocean Poseidon
100%
God of Dolphins Delphin
84%
Titan of the Ocean Oceanus
71%
God of the Sea's Herald Triton
61%
God of the Sea's Wife Amphitrite
45%
God of the Winds Aeolus
42%
Goddess of Sea Monsters Keto
42%
Promordial God of the Ocean Pontus
32%
God of the Sea's Daughter - Patron of Rhodes Rhode
24%
Goddess of Violent Sea Storms Kymopoleia
18%
God of Hidden Dangers in the Deep Phorcys
11%
Mother and Goddess of the Fish in the Sea Thalassa
8%
God of Sea Storms Aigaios
3%
God and Patron of those who sail at Sea Palaemon
0%
No matching quizzes found
Score Distribution
Percent of People with Each Score
Percentile by Number Answered
Your Score History
You have not taken this quiz